LIBRARY & INFORMATION CENTRE, KCAET, TAVANUR

ONLINE PUBLIC ACCESS CATALOGUE (OPAC)

Works of George herbert / (Record no. 5056)

MARC details
000 -LEADER
fixed length control field 00374cam a2200145ua 4500
041 ## - LANGUAGE CODE
Language code of text/sound track or separate title eng
082 ## - DEWEY DECIMAL CLASSIFICATION NUMBER
Classification number 828.09
Item number HER/WO
100 ## - MAIN ENTRY--AUTHOR NAME
Personal name Goerge, Herbert .
245 ## - TITLE STATEMENT
Title Works of George herbert /
260 ## - PUBLICATION, DISTRIBUTION, ETC. (IMPRINT)
Place of publication London :
Name of publisher Oxford at the Clarendon Press ,
Year of publication 1964.
300 ## - PHYSICAL DESCRIPTION
Number of Pages 619 ; .
942 ## - ADDED ENTRY ELEMENTS (KOHA)
Koha item type Books
Holdings
Withdrawn status Lost status Damaged status Home library Current library Date acquired Cost, normal purchase price Full call number Accession Number Koha item type Public note
Withdrawn     KAUAET Sanskrit University 07/04/2012 45.00 828.09 6697 Books Transferred to Sanskrit University
free website counter